The computer image
Αποθηκεύτηκε σε:
| Κύριος συγγραφέας: | |
|---|---|
| Άλλοι συγγραφείς: | |
| Μορφή: | Βιβλίο |
| Γλώσσα: | English |
| Δημοσίευση: |
Harlow, England ; : Reading, Mass. :
Addison Wesley,
c1998
|
| Θέματα: | |
| Ετικέτες: |
Προσθήκη ετικέτας
Δεν υπάρχουν, Καταχωρήστε ετικέτα πρώτοι!
|
MARC
| LEADER | 00000nam a2200000 i 4500 | ||
|---|---|---|---|
| 001 | 1/14158 | ||
| 008 | 001204s1998 eng d | ||
| 020 | |a 0-201-42298-0 | ||
| 035 | |l 10064896 | ||
| 040 | |a GR-MY-UA |b gre |e aacr | ||
| 041 | 0 | |a eng | |
| 082 | 0 | |a 006.66 | |
| 100 | 1 | |a Watt, Alan H., |d 1942- | |
| 245 | 1 | 4 | |a The computer image / |c Alan Watt, Fabio Policarpo |
| 260 | |a Harlow, England ; : |a Reading, Mass. : |b Addison Wesley, |c c1998 | ||
| 300 | |a xxx, 751 σ.; |b εικ.; |c 25 εκ.+ |e 1 οπτικός δίσκος λέιζερ Η/Υ (4 3/4 ιν.) | ||
| 504 | |a Περιέχει βιβλιογραφικές αναφορές και ευρτήριο | ||
| 650 | 0 | 0 | |a Computer graphics. |
| 650 | 0 | 0 | |a Image processing |x Digital techniques. |
| 650 | 0 | 0 | |a Computer vision. |
| 700 | 1 | |a Policarpo, Fabio. | |
| 852 | |a INST |b SAMOS |e 20041112 |h 006.66 WAT |p 005300022783 |q 005300022783 |t BK |y 0 | ||
| 852 | |a INST |b SAMOS |e 20041112 |h 006.66 WAT |p 005300022782 |q 005300022782 |t BK |y 0 | ||
| 852 | |a INST |b SYROS |e 20010202 |h 006.66 WAT |p 005500001499 |q 005500001499 |t BK |y 0 | ||
| 852 | |a INST |b SYROS |e 20001204 |h 006.66 WAT |p 005500002223 |q 005500002223 |t BK |y 0 | ||
| 852 | |a INST |b SYROS |e 20010216 |h 006.66 WAT |p 005500001421 |q 005500001421 |t BK |y 0 | ||
| 852 | |a INST |b SYROS |e 20001204 |h 006.66 WAT |p 005500002222 |q 005500002222 |t BK |y 0 | ||
| 901 | |a BIBL3-2004-3 | ||
| 901 | |a BIBL5-2000-3 | ||
| 909 | |a Σ |b 114043 | ||
| 909 | |a Σ |b 114044 | ||
| 909 | |a Ε |b 081344 | ||
| 909 | |a Ε |b 081344 | ||
| 909 | |a Ε |b 084742 | ||
| 909 | |a Ε |b 085639 | ||
| 920 | |a ΔΙΕΥΡΥΝΣΗ |b ΕΠΕΑΕΚ-ΤΜΠΕΣ |y ΣΑΜΟΣ |z 2004-10 | ||
| 922 | |a 5ΕΛΗ |b 200010 |c ΓΡΑΦΙΚΩΝ ΤΕΧΝΩΝ |d ΜΙΧΑΛΟΠΟΥΛΟΣ | ||
| 950 | |a 183-2000-09-11 | ||
| 950 | |a 183-2000-12-07 | ||
| 970 | |a ΠΟΥΡΝΑΡΑΣ |b ΔΗΜΗΤΡΗΣ |z 2000/12/04 | ||